| 000 | 01015nam a2200289 a 4500 | ||
|---|---|---|---|
| 008 | |||
| 020 | _a052156882X (pbk.) | ||
| 049 | _aMAIN | ||
| 090 |
_aPE1128.A2 _bARN |
||
| 100 | 1 | _aArndt, Valerie. | |
| 245 | 1 | 0 |
_aAlive to language : _bperspectives on language awareness for English language teachers / _cValerie Arndt, Paul Harvey, and John Nuttall. |
| 260 |
_aCambridge : _bCambridge University Press, _c2000. |
||
| 300 |
_ax, 297 p. ; _c25 cm. |
||
| 440 | 0 | _aCambridge teacher training and development. | |
| 504 | _aIncludes bibliographical references. | ||
| 500 | _aIncludes index. | ||
| 650 | 0 |
_aEnglish language _xStudy and teaching _xForeign speakers. |
|
| 650 | 0 |
_aLanguage and languages _xStudy and teaching. |
|
| 650 | 0 |
_aEnglish teachers _xTraining of. |
|
| 700 | 1 | _aHarvey, Paul. | |
| 700 | 1 | _aNuttall, John. | |
| 907 |
_a.b10127045 _b11-09-12 _c15-06-04 |
||
| 003 | |||
| 005 | 20230123133739.0 | ||
| 040 | _cNUST | ||
| 942 |
_cBOOKS _kPE1128.A2 _mARN |
||
| 999 |
_c153949 _d153949 |
||